[Event "EU-chT (Men) 12th"]
[Site "Batumi"]
[Date "1999.12.03"]
[Round "5.4"]
[White "Izeta Txabarri, Felix"]
[Black "Ponomariov, Ruslan"]
[Result "1/2-1/2"]
[WhiteElo "2505"]
[BlackElo "2616"]
[Annotator "Alterman,B"]
[PlyCount "220"]
[EventDate "1999.11.06"]
[EventType "team-swiss"]
[EventRounds "9"]
[EventCountry "GEO"]
[SourceTitle "CBM 074"]
[Source "ChessBase"]
[SourceDate "2000.02.01"]
[SourceVersion "1"]
[SourceVersionDate "2000.02.01"]
[SourceQuality "1"]
[WhiteTeam "Spain"]
[BlackTeam "Ukraine"]
[WhiteTeamCountry "ESP"]
[BlackTeamCountry "UKR"]

1. d4 Nf6 2. Nf3 c5 3. d5 d6 4. Nc3 g6 5. e4 Bg7 6. Bc4 (6. Be2 {main line})
6... O-O 7. O-O Na6 (7... Nbd7 8. h3 a6 9. a4 b6 10. Bf4 Rb8 11. Re1 Nh5 12.
Bh2 b5 13. axb5 axb5 14. Nxb5 Nb6 (14... Bxb2 15. Ra2 Bg7 16. Nxd6 $5 $14 (16.
Na7 $14)) 15. Bf1 Bxb2 16. Ra2 Bg7 17. c4 $14 {0-1 Terasti Pasi-Miettinen
Keijo/Avoin suomenmestaruus 1995 (64)}) (7... Qa5 8. Re1 a6 9. Bd2 Bg4 10. a4 (
10. h3 Bxf3 11. Qxf3 b5 12. Bf1 Nbd7 13. a3 $14) 10... Nbd7 11. h3 Bxf3 12.
Qxf3 Ne5 13. Qe2 Nxc4 14. Qxc4 Qb4 15. Qe2 c4 $14 {1-0 Teuchert-Kiffmeyer,C/
GER-N 1977/Inf 77 (42)}) (7... Bg4 8. h3 Bxf3 9. Qxf3 Nbd7 10. Qd1 (10. Qe2 Nb6
11. f4 Nfd7 12. a4 Nxc4 13. Qxc4 a6 $132 {1-0 Lewandowska,K-Koglin,A/BLW 1994 
(66)}) 10... Ne8 (10... Rb8 11. a4 Ne8 12. Bf4 Nc7 13. Qd2 $14 {1-0 Van Dongen,
P-Krivokapic,R/Paris ,EXT 1993 (55)}) 11. Re1 Nc7 12. a4 (12. Bf1 Rb8 13. a4 a6
14. a5 b5 15. axb6 Rxb6 16. Na4 $14) 12... f5 13. exf5 Rxf5 14. Ne4 $5 (14. Ba2
Nb6 15. g4 Rf7 16. a5 Nd7 17. Ne4 $14) 14... Nb6 {[%csl Rd5]} 15. Bd3 $5 $14 {
1-0 Grischuk,A-Markowski,T/Batumi 1999/CBM 74_03/ (29)} (15. g4 $5 Rf8 16. Qd3
Nxc4 17. Qxc4 Qd7 18. Ra3 $14 (18. Nxc5 dxc5 19. d6+ Kh8 20. dxc7 Qxc7 21. Be3
b6 $11))) 8. h3 (8. Qe2 Nc7 9. Re1 Bg4 10. h3 Bxf3 11. Qxf3 Nd7 12. a4 b6 13.
Bf1 a6 14. Bg5 $14 (14. b3 Rb8 15. Bb2 e6 $11 {1-0 Bus,M-Bojczuk,Z/Bielsko
Biala ,EXT 1990 (43)})) (8. Re1 Nc7 9. Bf4 (9. a4 $14) 9... Nh5 10. Be3 b5 11.
Nxb5 Nxb5 12. Bxb5 Rb8 13. Qd3 (13. Bc4 Rxb2 14. Rb1 Rxb1 15. Qxb1 Bg4 $132 {
0-1 Mendoza,L-De la Riva,O/ESP ch Lleida ,EXT 1991 (28)}) 13... Bxb2 (13... f5
14. e5 dxe5 15. Qc4 e4 16. Ng5 $14) 14. Rab1 Bg7 15. Bc6 $14) (8. a4 Nc7 9. h3
a6 10. Bf4 Nd7 11. Re1 Rb8 12. a5 b5 13. axb6 Rxb6 14. Na4 Rb4 15. Qd3 Nb6 16.
Nxb6 Rxb6 17. Ra2 Bd7 18. e5 $14 {0-1 Hachian,M-Situru,N/Yerevan olm 1996/EXT
96ch2 (42)}) 8... Nc7 9. Qd3 (9. a4 a6 10. Bf4 Nd7 (10... b6 11. Re1 Bb7 12.
Qd3 Rb8 13. Rad1 Nh5 14. Bc1 b5 15. axb5 Bxc3 16. Qxc3 axb5 17. Bf1 $14 {
1-0 Izeta,F-Sanchez Guirado,F/ch-ESP, Torrevieja 1997 (64)}) 11. Re1 Rb8 12. a5
b5 13. axb6 Rxb6 14. Na4 Rb4 15. Bf1 f5 $132 {[%csl Rf4]}) (9. Re1 e5 10. dxe6
Bxe6 11. Bxe6 Nxe6 12. a4 (12. Qd3 Qd7 13. Be3 Rad8 14. Rad1 a6 15. b3 Rfe8 16.
Nd5 Nxd5 17. exd5 Nc7 18. c4 b5 $11 {1/2-1/2 Grischuk,A-Malakhov,V/Porto San
Giorgio ITA 1999 (35)}) 12... Re8 13. Be3 Qb6 14. Qd3 a6 15. a5 Qc6 16. Qc4 b5
17. axb6 Qxb6 $14 {1/2-1/2 Izeta,F-Dumont,S/Rio de Janeiro BRA 1999 (44)}) 9...
a6 10. a4 e5 11. dxe6 (11. a5 Nh5 12. Re1 f5 13. Bg5 Qd7 14. Na4 (14. exf5 gxf5
15. Qe2 e4 16. Nh4 Qf7 17. Na4 Rb8 (17... h6 18. Bc1 Bf6 19. Bxh6 Bxh4 20. Bxf8
Kxf8 21. Nb6 Rb8 $15) 18. Rad1 (18. c3 h6 19. Bc1 Bf6 20. Nxc5 Bxh4 21. Ne6
Bxe6 22. dxe6 Qg6 23. e7+ Rf7 $17) 18... h6 19. Bc1 Bf6 20. Nxc5 Bxh4 21. Ne6
Bg5 22. Nxf8 Kxf8 $15) 14... fxe4 15. Rxe4 Qf7 16. Nb6 Rb8 17. Nxc8 Rbxc8 18.
Re2 Nf4 19. Bxf4 exf4 20. Qb3 Rb8 21. Rae1 $14) 11... Bxe6 12. Bxe6 Nxe6 13.
Rd1 b5 14. axb5 axb5 15. Rxa8 Qxa8 16. Qxb5 Nxe4 17. Nxe4 $6 {Desire white
faster to make a drawn game it is understandable, but it is better to do it
from a position of strength.} (17. Nd5 $142 $5 Rb8 (17... Nd4 18. Nxd4 (18. Qc4
Nxf3+ 19. gxf3 Nf6 $15) 18... Bxd4 19. Be3 Bxe3 20. Nxe3 Rb8 21. Qe2 Rxb2 22.
Nd5 f5 (22... Ng5 23. Qe7 Ne6 24. Qf6 Qb8 (24... Qa2 25. Ne7+ Kf8 26. Nc8 Kg8
27. Nxd6 $18) 25. Ne7+ Kf8 26. Nc6 $18 {[%cal Gf6h8]}) 23. f3 Ng5 24. Qe7 Nf7
25. Nf6+ Kg7 26. Ne8+ Kg8 27. Qf6 Qxe8 28. Qxb2 $16) 18. Qc4 (18. Qd3 Nf6 19.
Nxf6+ Bxf6 20. b3 $11) 18... Nf6 19. Nxf6+ Bxf6 20. Rxd6 Qa1 21. Rxe6 fxe6 22.
Qxe6+ Kg7 23. Qe1 Bxb2 24. Bxb2+ Qxb2 25. Qe7+ Kg8 26. Qxc5 Qc1+ 27. Kh2 Qf4+
28. Kh1 $44) 17... Qxe4 18. Qd3 d5 19. c3 (19. Qxd5 Qxc2 20. Qd3 Qxd3 21. Rxd3
Ra8 $15) 19... Qxd3 20. Rxd3 Rd8 21. Be3 h6 22. Rd1 (22. Kf1 f5 23. c4 dxc4 24.
Rxd8+ Nxd8 25. Nd2 c3 (25... Bxb2 26. Nxc4 Bd4 (26... Bg7 27. Bxc5 $11) 27.
Bxh6 $11) 26. bxc3 Bxc3 27. Bxh6 $11) 22... f5 23. g3 g5 24. b4 f4 25. gxf4 (
25. Bxc5 Bxc3 26. Kf1 Kf7 27. Ke2 $11) 25... gxf4 26. Bxc5 Bxc3 27. Nd4 (27.
Kf1 Kf7 28. Ke2 $11) 27... Kf7 (27... Nxd4 28. Bxd4 Bxb4 29. Be5 f3 30. Rd3 $11
) 28. Kf1 $6 (28. Nxe6 Kxe6 29. Kg2 $11) 28... Nxd4 29. Bxd4 Bxb4 $15 30. Ke2 (
30. Be5 f3 31. Rd3 Ke6 32. Bg7 Rg8 33. Bxh6 Rh8 34. Re3+ Kd7 35. Rb3 Bd6 36.
Be3 Rxh3 37. Ke1 Ke6 $17) 30... Ra8 31. Kf3 Bd6 32. Bb2 $6 (32. Kg4 $1 Ke6 (
32... Rg8+ 33. Kh5 Bf8 34. h4 $44) 33. Kh5 $44) 32... Ke6 33. Re1+ $6 {Missing
for the last time capability to play by the king on g4} (33. Kg4 Rg8+ 34. Kh5
Bf8 35. h4 Bc5 36. Bd4 Bxd4 37. Rxd4 Ke5 38. Rd1 $44) 33... Kf5 34. Rd1 Ra5 35.
Bc1 Rb5 {[%cal Gb5b3]} 36. Rd3 h5 37. Bd2 Be5 38. Bc1 Rb1 39. Bd2 d4 (39... Rb5
40. Bc1) 40. Ba5 Rh1 41. Ke2 (41. Kg2 Ra1 (41... Ke4 $4 42. Rxd4+ Bxd4 43. Kxh1
Kf3 44. Bc7 Bxf2 45. Bxf4 $11) 42. Bb4 Ke4 $19) 41... Ke4 42. Bd2 (42. Rb3 Bd6
43. Bd2 Rh2 44. Ba5 Bc5 45. Be1 h4 (45... d3+ 46. Rxd3 Be3 $5 47. Ra3 f3+ 48.
Kd1 Bxf2 49. Ra2 (49. Bxf2 Rxf2 50. Ke1 Rh2 51. Ra8 h4 (51... Rxh3 52. Re8+ Kf4
53. Rf8+ Kg3 54. Rg8+ Kf4 (54... Kh2 55. Kf2 h4 56. Rg4 $11) 55. Rf8+) 52. Kf1
(52. Re8+ Kf4 53. Rf8+ Kg3 54. Rg8+ Kxh3 55. Kf1 Ra2 56. Kg1 Rg2+ 57. Kh1 Rg4
$19) 52... Kf4 53. Rg8 Rc2 (53... Rxh3 54. Rf8+ Kg3 55. Rg8+ Kh2 56. Rg4 $11)
54. Rg7 $11) 49... Bg1 50. Rxh2 Bxh2 51. Bh4 Kf4 52. Kd2 Bg3 53. Be7 Ke4 54.
Bc5 $11) 46. Rd3 Bb6 47. Rb3 d3+ 48. Rxd3 Be3 49. Ra3 f3+ 50. Kd1 Bd4 51. Ra4
Rh1 52. Kd2 (52. Rb4 Kd5 53. Kd2 Bf6 54. Rb3 Be7 55. Rd3+ Kc4 56. Rc3+ Kb5 57.
Kd1 Bb4 58. Re3 Kc6 59. Re4 Bc5 60. Kc2 (60. Rxh4 Bxf2 61. Re4 Kd5 62. Re8 Rg1
63. Kd2 Bxe1+ 64. Rxe1 f2 $19) 60... Rxh3 61. Kd3 Kd5 62. Rg4 Rh1 63. Rg5+ Kc6
64. Bc3 h3 65. Ke4 h2 66. Rh5 Bd6 67. Kxf3 Rc1 $19) 52... Rxh3 53. Kc2 Kd5 54.
Ra5+ Ke6 (54... Ke4 55. Ra4 $11) 55. Kd3 $44) 42... Bd6 43. Rb3 Rh2 44. Be1 Bc5
45. Rf3 Rg2 46. Rb3 Ba7 47. Rf3 Bb6 48. Ra3 Bc5 49. Rb3 Rg1 50. Bd2 Ra1 51. Rf3
Bd6 52. Rb3 f3+ {Ponomariov finds a way to rip a defense of white, but it is
not enough for winning..} 53. Rxf3 Ra2 54. Rb3 (54. Rd3 $2 Bb4 55. f3+ Kd5 56.
Kd1 Kc4 57. Ke2 h4 58. f4 Kd5 59. f5 Ke5 60. f6 Bxd2 61. Rxd2 Rxd2+ 62. Kxd2
Kxf6 $19) 54... Bf4 55. Rd3 Kd5 56. Kd1 Kc4 57. Rxd4+ Kxd4 58. Bxf4 Rxf2 59.
Bg5 Ke4 60. h4 {Began counting 50 moves. The position black is won. It is
necessary only to be in time.} Kf3 61. Ke1 Ra2 62. Bf6 Kg2 63. Bg5 Ra4 64. Ke2
Re4+ 65. Kd3 Kf3 66. Kd2 Re6 67. Kd1 Kf2 68. Kd2 Rd6+ 69. Kc3 {For victory it
is necessary to push aside the white king for a line c. But it is impossible
This position was analysed by B Baranov (1954)} Kf3 70. Be7 Rd7 71. Bg5 Ke4 72.
Bh6 Rd8 (72... Rd3+ 73. Kc2 $1 {diagonal opposition - Baranov} (73. Kc4 $2 Rd6
74. Bg5 Rc6+ $19) 73... Kd4 (73... Rd6 74. Bg5 Kf5 (74... Kf3 75. Kc3 Ke2 76.
Kc4 Rd3 77. Bf4) 75. Kc3 Rd1 (75... Kg6 {[%cal Gd6d5]} 76. Kc4) 76. Kc2 Rd5 77.
Kc3 Kg6 78. Be3 $11 (78. Kc4 $2 Rxg5)) 74. Bg5 Kc4 75. Be7 Re3 76. Bg5 Re2+ 77.
Kd1 Kd3 78. Bd8 Re6 79. Bg5 Ra6 80. Ke1 Ra2 81. Kf1 $11) 73. Bg5 Rd6 74. Kc2
Rd3 75. Bh6 Rd7 76. Bg5 Kf3 77. Kc3 Ke2 78. Kc4 Rd3 79. Bh6 Ra3 80. Bg5 Kf3 (
80... Ra4+ 81. Kc3 (81. Kd5 Kf3 (81... Kd3 82. Ke5) 82. Ke5 Kg4 83. Bd8) 81...
Rg4 82. Bf6 Rg6 83. Bg5 Rc6+ 84. Kd4 Kf3 85. Kd3 $11) 81. Kd4 Ra4+ (81... Ra1
82. Kd3 Rd1+ 83. Kc2 Ke2 84. Kc3 Rd7 85. Bh6 Kf3 86. Bg5 Ke4 87. Kc2 Rd3 88.
Bh6 $1 $11 (88. Bf6 Ke3 89. Bg5+ Ke2 $19)) 82. Kd3 Rg4 83. Kd2 Rd4+ 84. Kc3 Ke4
85. Kc2 Rd3 86. Bh6 Kd4 87. Bg5 Kc4 88. Kc1 Kb3 89. Be7 Rd7 90. Bf6 Rd5 91. Bg5
Kc3 92. Bh6 Rd7 93. Bg5 Rd6 94. Bf4 Re6 95. Kd1 Kd3 96. Bg5 Re4 97. Bd8 Ke3 98.
Bg5+ Kf3 99. Kd2 Rd4+ 100. Kc3 Rd7 101. Kc2 Ke2 102. Kc3 Rd3+ 103. Kc4 $1 {
Baranov} (103. Kc2 $2 Rg3 $19) 103... Ra3 104. Kd4 Ra4+ 105. Kc3 Rg4 106. Bf6
Rg3+ 107. Kd4 (107. Kc4 $1 Ke3 108. Kc3 $1 $11) 107... Rd3+ 108. Kc4 $4 {
White forgot - Bishop does not attack e3...} (108. Ke4 $11) 108... Ke3 $1 109.
Be7 Ke4 110. Bg5 Rg3 {Black has winning position, but limit of 50 moves is
over...} (110... Rg3 111. Kc5 (111. Bd8 Rg8 112. Bg5 Rc8+ $19) 111... Rc3+ 112.
Kd6 (112. Kb4 Rc8 $19) 112... Rd3+ 113. Kc5 Ke5 $1 114. Kc4 Rg3 115. Bd8 Rg8
116. Be7 (116. Bg5 Rxg5 117. hxg5 h4 $19) 116... Ke6 $19 {[%csl Rh4]}) 1/2-1/2

[Event "EU-chT (Men) 12th"]
[Site "Batumi"]
[Date "1999.12.06"]
[Round "8.3"]
[White "Anastasian, Ashot"]
[Black "Ponomariov, Ruslan"]
[Result "1/2-1/2"]
[WhiteElo "2545"]
[BlackElo "2616"]
[Annotator "Horn,Pe"]
[PlyCount "90"]
[EventDate "1999.11.06"]
[EventType "team-swiss"]
[EventRounds "9"]
[EventCountry "GEO"]
[SourceTitle "CBM 074"]
[Source "ChessBase"]
[SourceDate "2000.02.01"]
[SourceVersion "1"]
[SourceVersionDate "2000.02.01"]
[SourceQuality "1"]
[WhiteTeam "Armenia"]
[BlackTeam "Ukraine"]
[WhiteTeamCountry "ARM"]
[BlackTeamCountry "UKR"]

1. c4 c5 2. g3 Nf6 3. Bg2 d5 4. Nf3 Nc6 5. O-O d4 6. e3 e5 7. exd4 exd4 8. d3
Be7 9. Bf4 O-O 10. Ne5 Nxe5 11. Bxe5 Re8 $6 $146 (11... Ng4 12. Bf4 Bd6 $11) (
11... Nd7) 12. Bxf6 $1 {Eine undogmatische Entscheidung: das schwarze
Läuferpaar ist in dieser Stellung nicht viel wert. Der Be7 schaut seine
eigenen Bauern an, und der Bc8 ist ganz sicher nicht besser als sein Kollege
auf g2.} Bxf6 13. Nd2 Be7 14. Bd5 Rb8 15. Qf3 Rf8 16. Rfe1 $16 b6 17. Re2 Bd6
18. Rae1 {Weiß beherrscht die einzige offene Linie und die Diagonale h1-a8.
Schwarz muß sich um Schadensbegrenzung kümmern.} Bd7 19. Ne4 Bc7 20. Qh5 {
[%cal Re4g5]} h6 $8 21. h4 {[%cal Re4g5]} (21. f4 $5) 21... Be6 $8 {Traurig,
aber notwendig.} (21... a6 22. Ng5 $1 hxg5 23. Re7 $1 $18) 22. Bxe6 fxe6 23. f4
{[%csl Re6]} Qd7 (23... Qe8 24. Qg4 $16) 24. Nd2 (24. Qg4 $5) 24... Rf6 (24...
e5 {wäre eine radikale Methode, das Problem des schwachen Pe6 zu lösen.} 25.
fxe5 Qe6 {[%cal Yf8f5] So richtig kann ich nicht glauben, daß das klappt; aber
immerhin: die schwarzen Figuren leben wieder.}) 25. Qg4 Re8 26. Nf3 Qf7 27. Ne5
Bxe5 28. Rxe5 Rf5 $2 (28... Rg6 29. Qf3 $16) 29. Qxf5 $1 (29. Rxf5 $2 exf5 30.
Rxe8+ Qxe8 31. Qxf5 Qe3+ $11) 29... exf5 30. Rxe8+ Kh7 31. R8e7 $18 Qg6 32. Kf2
b5 $5 {Bei passivem Verhalten gewinnt Weiß einfach durch Verdoppelung auf der
7.Reihe.} 33. R7e6 (33. Rxa7 bxc4 34. Ree7 cxd3 35. Rxg7+ Qxg7 36. Rxg7+ Kxg7
37. a4 c4 38. a5 $18) 33... Qf7 34. cxb5 Qd7 35. Rc6 c4 36. Rxc4 (36. dxc4 $143
d3 {und Schwarz hat ein paar Chancen.}) 36... Qxb5 37. b3 Qa5 38. Rc2 $2 {
Unnötig passiv.} (38. Re2 $142 $18) 38... Qa6 39. Rd2 {Keine Katastrophe, aber
vor ein paar Zügen stand Weiß noch besser.} Kg6 40. Re7 Qc6 {[%cal Rc6h1]} 41.
h5+ (41. Rde2 Qh1 42. R2e6+ Kh5 43. Rxg7 Qh2+ 44. Ke1 Qxa2 $132) 41... Kxh5 42.
Rxg7 Qf6 43. Rxa7 Kg4 44. Kg2 (44. Rd1 $6 {[%cal Yd1h1]} Qc6) (44. Rc7 $18)
44... Qc6+ 45. Kh2 Kf3 (45... Kf3 46. Re7 {und ich kann nicht erkennen, warum
dies remis sein sollte.} {z.B.:} Qg6 47. Rg2 $18) 1/2-1/2

[Event "SLO-chT 09th"]
[Site "Bled"]
[Date "1999.11.09"]
[Round "2"]
[White "Sveshnikov, Evgeny"]
[Black "Ponomariov, Ruslan"]
[Result "1/2-1/2"]
[WhiteElo "2541"]
[BlackElo "2616"]
[PlyCount "103"]
[EventDate "1999.11.08"]
[EventType "team-tourn"]
[EventRounds "7"]
[EventCountry "SLO"]
[SourceTitle "EXT 2000"]
[Source "ChessBase"]
[SourceDate "1999.11.16"]
[SourceVersion "1"]
[SourceVersionDate "1999.11.16"]
[SourceQuality "1"]
[WhiteTeam "Ljubljanski LSK"]
[BlackTeam "Maribor Branik"]
[WhiteTeamCountry "SLO"]
[BlackTeamCountry "SLO"]

1. e4 d6 2. d4 Nf6 3. Nc3 g6 4. Be3 c6 5. h3 Bg7 6. f4 O-O 7. Qf3 Qa5 8. Bd3 b5
9. Nge2 b4 10. Nd1 Bb7 11. O-O c5 12. d5 Nbd7 13. c4 bxc3 14. Nexc3 Ba6 15.
Bxa6 Qxa6 16. Rc1 Rab8 17. Rc2 Ne8 18. Nf2 Nc7 19. h4 Nb5 20. Nxb5 Rxb5 21. b3
Qb7 22. h5 a5 23. hxg6 hxg6 24. Nh3 a4 25. bxa4 Rb1 26. a5 Nf6 27. Rcc1 Rxc1
28. Rxc1 Ra8 29. e5 Nh7 30. exd6 exd6 31. f5 gxf5 32. Qxf5 Rxa5 33. Bf4 Qe7 34.
Qc2 Bd4+ 35. Kh1 Rb5 36. Qd3 Rb6 37. Qg3+ Bg7 38. Re1 Qf6 39. a4 Qg6 40. Qxg6
fxg6 41. Re6 Bf8 42. a5 Ra6 43. Rxg6+ Kf7 44. Re6 Rxa5 45. Bxd6 Ra6 46. Bxc5
Rxe6 47. dxe6+ Kxe6 48. Bxf8 Nxf8 49. g4 Ng6 50. Kg2 Ne5 51. Kg3 Nxg4 52. Kxg4
1/2-1/2

[Event "UKR-chT 8th"]
[Site "Alushta"]
[Date "2000.04.11"]
[Round "2"]
[White "Moiseenko, Alexander"]
[Black "Ponomariov, Ruslan"]
[Result "1/2-1/2"]
[WhiteElo "2573"]
[BlackElo "2627"]
[PlyCount "75"]
[EventDate "2000.04.10"]
[EventType "team-swiss"]
[EventRounds "9"]
[EventCountry "UKR"]
[SourceTitle "EXT 2019"]
[Source "ChessBase"]
[SourceDate "2018.10.10"]
[SourceVersion "1"]
[SourceVersionDate "2018.10.10"]
[SourceQuality "1"]
[WhiteTeam "Kharkov Law Academy"]
[BlackTeam "Donetsk region Momot"]
[WhiteTeamCountry "UKR"]
[BlackTeamCountry "UKR"]

1. d4 Nf6 2. c4 g6 3. Nc3 Bg7 4. e4 d6 5. f3 O-O 6. Be3 c5 7. Nge2 Nc6 8. d5
Ne5 9. Ng3 e6 10. Be2 exd5 11. cxd5 h5 12. O-O Nh7 13. Qd2 h4 14. Nh1 f5 15.
Nf2 Bd7 16. f4 Nf7 17. e5 dxe5 18. Bxc5 Re8 19. fxe5 Bxe5 20. Nd3 Qc7 21. h3
Nhg5 22. Bf3 b6 23. Be3 Bf6 24. Rac1 Nxf3+ 25. Rxf3 Ne5 26. Nxe5 Qxe5 27. Rcf1
Qd6 28. Bg5 Rad8 29. Bxf6 Qxf6 30. d6 Bc6 31. Rd3 f4 32. d7 Re6 33. Nd5 Bxd5
34. Rxd5 f3 35. Qf2 Re2 36. Qxf3 Qxf3 37. gxf3 Rxb2 38. a4 1/2-1/2

[Event "UKR-chT 8th"]
[Site "Alushta"]
[Date "2000.04.12"]
[Round "3"]
[White "Ponomariov, Ruslan"]
[Black "Alexandrova, Olga"]
[Result "1-0"]
[WhiteElo "2627"]
[BlackElo "2400"]
[PlyCount "109"]
[EventDate "2000.04.10"]
[EventType "team-swiss"]
[EventRounds "9"]
[EventCountry "UKR"]
[SourceTitle "EXT 2019"]
[Source "ChessBase"]
[SourceDate "2018.10.10"]
[SourceVersion "1"]
[SourceVersionDate "2018.10.10"]
[SourceQuality "1"]
[WhiteTeam "Donetsk region Momot"]
[BlackTeam "Chaika Grandmasters' School"]
[WhiteTeamCountry "UKR"]
[BlackTeamCountry "UKR"]

1. e4 c5 2. Nf3 e6 3. d4 cxd4 4. Nxd4 Nc6 5. Nc3 Qc7 6. Ndb5 $5 Qb8 7. Be3 Nf6
8. f4 d6 (8... a6 $2 9. e5 {+/-}) 9. Qf3 $1 (9. a4 Be7 10. Bd3 O-O 11. O-O a6
12. Na3 d5 13. e5 Nd7 14. Ne2 Nc5 15. c3 Nxd3 16. Qxd3 Bd7 17. Bb6 Bd8 18. Bc5
Be7 19. Bxe7 Nxe7 20. Nc2 Nc6 21. Ne3 Ne7 22. Rf3 b5 23. a5 b4 24. Rh3 Ng6 25.
c4 Rd8 26. Rf1 dxc4 27. Nxc4 Bb5 28. Qe4 Bxc4 29. Qxc4 {1/2 Belikov V. -
Alexandrova O., It (cat.8), Alushta (Ukraine)}) 9... Be7 10. Bd3 O-O 11. O-O a6
(11... Bd7 12. Rae1 Nb4 13. Nd4 {+=}) (11... e5 $6 {/\12...a6 ><Nb5} 12. Nd5 {
+/-}) 12. Nd4 Nxd4 $6 (12... Qc7 $142 {-B82}) (12... Bd7 $5) 13. Bxd4 {/\14.
e5->} e5 14. Bb6 $1 {><Qb8} exf4 15. Qxf4 (15. Nd5 Nxd5 16. exd5 Bf6 17. Qxf4
Bxb2 18. Rae1 f5 {~}) 15... Be6 16. Nd5 Bxd5 17. exd5 g6 $8 18. Rae1 $1 (18.
Bd4 $5 Nd7 19. Rae1 Ne5 20. Rxe5 dxe5 21. Bxe5 Qe8 $1 (21... Qd8 22. Qh6 f6 23.
Bxg6 Bc5+ 24. Kh1 Qe7 25. Bxf6 Rxf6 26. Bxh7+ Qxh7 27. Qxf6 {+/- |^}) 22. d6
Bd8 {+= |^}) 18... Nxd5 (18... Nh5 19. Qh6 Bf6 20. g4 Qc8 21. Re4 Bg7 22. Qg5 {
+-}) 19. Qf3 (19. Qh6 $5 {O.Alexandrova} Bg5 $1 (19... Nxb6 20. Rxe7 Nd5 21.
Bxg6 $1 {E.Miroshnichenko} hxg6 22. Rfxf7 {+-}) (19... Bf6 20. Rxf6 Nxf6 21.
Bd4 Qd8 22. Rf1 (22. g4 $6 Re8 $1 23. Rf1 Re5 24. Qf4 Qd7 25. Qxf6 (25. Bxe5
Nd5) 25... Qxg4+ 26. Kh1 Qxd4 27. Qxf7+ Kh8 28. Qf6+ {=}) 22... Nh5 23. g4 Qh4
24. Rf4 Qe1+ 25. Bf1 {+-}) 20. Qxg5 Nxb6 {~} 21. Re7 (21. Re4 Qc8 22. Qh6 Qd7
23. Rh4 $140 f5 $132) 21... Qd8 22. h4 Rb8 {/\23...Nd5=/+} 23. Rf6 Nd5 24. Bxg6
Qxe7 25. Bxh7+ (25. Be4+ Kh8 26. Bxd5 Rbe8 {=+}) 25... Kh8 26. Be4 Nxf6 27.
Qh6+ Kg8 28. Qg5+ {=}) (19. Qd4 Nxb6 20. Rxe7 Qa7 $1 $132) 19... Nxb6 20. Rxe7
d5 21. Qf6 (21. Rxf7 Qd6 $1 22. c4 $5 Nd7 23. Rxf8+ Rxf8 24. Qxd5+ Qxd5 25.
cxd5 Rxf1+ 26. Kxf1 Kf7 {+= /=}) (21. Qf2 Qd6 22. Rxb7 Nd7 {+= ><Rb7}) 21...
Qd8 (21... Qa7 $2 22. Kh1 {+-}) 22. Rxb7 Nc4 (22... Qxf6 23. Rxf6 Na4 $5 24. b4
(24. Rxa6 Nc5 25. Rxa8 Rxa8 26. Rb5 Nxd3 27. cxd3 Rxa2 28. Kf2 {+=}) 24... a5
25. b5 (25. Rc6 {/\><Na4} axb4 26. Rxb4 Rfb8 $132) 25... Nc3 (25... Nc5 26. Rc7
Ne6 27. Rd7 Rad8 28. Ra7 {+-}) 26. a3 Nb1 27. c4 Nxa3 28. cxd5 (28. c5 $5 Nc4
$132) 28... Rad8 29. Ra6 Rxd5 30. Bf1 Rc8 31. Rxa5 Nc4 32. Ra1 {+/-}) 23. Qxd8
(23. Rxf7 $5 Qxf6 24. R7xf6 Rxf6 25. Rxf6 Nxb2 26. Bxa6 {+/-}) 23... Raxd8 24.
b3 Ne3 25. Rf3 d4 26. c4 {+/- o^c4 ><Pa6} Ng4 $6 27. Re7 $1 a5 (27... Rfe8 28.
Rfxf7 Ne5 29. Rg7+ Kf8 30. Ra7 $1 Ra8 31. Rxa8 Rxa8 32. Rxh7 Kg8 33. Be4 {+-})
(27... Rde8 28. Rfxf7 {+-}) (27... f6 28. Rh3 Rfe8 29. Rhxh7 Rxe7 30. Rxe7 Ne5
31. Be2 $1 d3 32. Bd1 {+/-}) 28. h3 Ne3 29. Ra7 f5 30. Rxa5 Ra8 31. Rxa8 Rxa8
32. Rf2 Nd1 33. Rd2 Nc3 34. a4 Kf7 35. Bf1 Rd8 $138 (35... Rb8 36. Rxd4 Rxb3
37. Rd3 {+-}) 36. a5 Ne4 37. Rd1 Nc3 38. Rd3 Na2 39. c5 Nb4 40. Rd1 Ke6 (40...
d3 41. Bxd3 {+-}) 41. Bc4+ Ke5 42. a6 f4 (42... d3 43. Bxd3 $1 Nxd3 44. a7 Kd4
45. Ra1 Ra8 46. c6 Kc3 47. c7 Kxb3 48. Ra6 $1 {+-}) (42... Rc8 43. Re1+ Kf4 44.
Kf2 Rxc5 45. g3+ Kg5 46. h4+ Kh6 (46... Kf6 47. a7 Ra5 48. Re6+ Kg7 49. Ra6 $1
{+-}) 47. Ra1 Rc8 48. Ra4 Nc6 49. a7 Ra8 50. Bd5 {+-}) (42... Ra8 43. Re1+ Kf4
44. Re6 Kg3 45. Rd6 {+-}) 43. Re1+ Kf5 44. Re6 $1 {/\45.Rb6+-} d3 45. Rd6 Ra8 (
45... Rxd6 46. cxd6 d2 47. Be2 Nc6 48. d7 Ke6 49. a7 {+-}) 46. Kf2 Ke4 47. Rd7
h5 48. c6 (48. h4 $5) 48... g5 49. c7 g4 50. hxg4 hxg4 51. Rd8 g3+ (51... d2
52. Rxa8 $5 d1=Q 53. Re8+ Kd4 54. Rd8+ {+-}) 52. Ke1 f3 53. gxf3+ Ke3 54. Rxa8
g2 55. Re8+ 1-0

[Event "UKR-chT 8th"]
[Site "Alushta"]
[Date "2000.04.13"]
[Round "4"]
[White "Savchenko, Stanislav"]
[Black "Ponomariov, Ruslan"]
[Result "0-1"]
[WhiteElo "2574"]
[BlackElo "2627"]
[PlyCount "78"]
[EventDate "2000.04.10"]
[EventType "team-swiss"]
[EventRounds "9"]
[EventCountry "UKR"]
[SourceTitle "EXT 2019"]
[Source "ChessBase"]
[SourceDate "2018.10.10"]
[SourceVersion "1"]
[SourceVersionDate "2018.10.10"]
[SourceQuality "1"]
[WhiteTeam "Danko-Donbass Donetsk"]
[BlackTeam "Donetsk region Momot"]
[WhiteTeamCountry "UKR"]
[BlackTeamCountry "UKR"]

1. Nf3 Nf6 2. c4 g6 3. Nc3 Bg7 4. e4 d6 5. d4 O-O 6. Be2 e5 7. O-O Nc6 8. d5
Ne7 9. b4 Nh5 10. Re1 f5 11. Ng5 Nf6 12. Bf3 c6 13. Be3 cxd5 14. cxd5 h6 15.
Ne6 Bxe6 16. dxe6 fxe4 17. Nxe4 Nxe4 18. Bxe4 d5 19. Bc2 b6 20. Qg4 e4 21. Rad1
Qc7 22. Bb3 Rf5 23. Rd2 Raf8 24. Red1 Qc6 25. h4 Kh7 26. Rc2 Qxe6 27. Rc7 h5
28. Qe2 Qd6 29. Rxa7 d4 30. Qc4 b5 31. Rxd4 bxc4 32. Rxd6 cxb3 33. Rxe7 b2 34.
Rd1 R8f7 35. Rxe4 Rd5 36. Rb1 Rfd7 37. Bg5 Rd1+ 38. Re1 Rxe1+ 39. Rxe1 Ra7 0-1